[Event "Bodenmais Arber Seniors op 10th"]
[Site "Bodenmais"]
[Date "2023.08.10"]
[Round "6"]
[White "Hilbig, Dieter"]
[Black "Kuehnl, Bernd"]
[Result "1-0"]
[WhiteElo "1867"]
[BlackElo "1719"]
[PlyCount "71"]
[EventDate "2023.08.05"]
[EventType "swiss"]
[EventRounds "9"]
[EventCountry "GER"]
[SourceTitle "EXT 2024"]
[Source "ChessBase"]
[SourceDate "2023.10.10"]
[SourceVersion "1"]
[SourceVersionDate "2023.10.10"]
[SourceQuality "1"]

1. e4 d5 2. exd5 Nf6 3. d4 Nxd5 4. h3 Bf5 5. Nf3 e6 6. c3 Be7 7. Nbd2 h6 8. Ne5 Nd7 9. Ndf3 c6 10. Bd3 Bxd3 11. Nxd3 Qc7 12. 0-0 0-0 13. Nfe5 Bd6 14. Re1 N5f6 15. f4 Rae8 16. Qf3 Kh7 17. Bd2 Re7 18. Nc4 Ree8 19. Nxd6 Qxd6 20. Re2 Qb8 21. Rae1 g6 22. Ne5 Nxe5 23. fxe5 Ng8 24. Re4 Qd8 25. g3 f5 26. exf6 Rxf6 27. Qe2 Qd7 28. Qg4 Qf7 29. Rf4 Rxf4 30. Qxf4 Qxf4 31. Bxf4 Kg7 32. Kf2 Kf7 33. Ke3 Ke7 34. Rf1 g5 35. Be5 Rf8 36. Bd6+ 1-0

[Event "Bodenmais op"]
[Site "Bodenmais"]
[Date "2022.07.30"]
[Round "1"]
[White "Lorenc, Tomas"]
[Black "Kuehnl, Bernd"]
[Result "1-0"]
[WhiteElo "2167"]
[BlackElo "1767"]
[PlyCount "53"]
[EventDate "2022.07.30"]
[EventType "swiss"]
[EventRounds "9"]
[EventCountry "GER"]
[SourceTitle "CBM 209 Extra"]
[Source "ChessBase"]
[SourceDate "2022.09.30"]
[SourceVersion "1"]
[SourceVersionDate "2022.09.30"]
[SourceQuality "1"]

1. c4 Nf6 2. g3 c5 3. Bg2 Nc6 4. Nf3 d6 5. 0-0 g6 6. Nc3 Bg7 7. a3 0-0 8. Rb1 a5 9. Ne1 Bf5 10. d3 Qd7 11. Nc2 Bh3 12. b4 Bxg2 13. Kxg2 axb4 14. axb4 Nxb4 15. Nxb4 cxb4 16. Rxb4 Ra6 17. Qb3 Qc6+ 18. Kg1 b6 19. Bg5 Rfa8 20. Bxf6 Bxf6 21. Nd5 Ra1 22. Rxb6 Rxf1+ 23. Kxf1 Ra1+ 24. Kg2 Qd7 25. Nxf6+ exf6 26. Qb2 Qa7 27. Rxd6 1-0

[Event "Leipzig VfB op 24th"]
[Site "Leipzig"]
[Date "2017.03.25"]
[Round "7"]
[White "Kuehnl, Bernd"]
[Black "Vogel, Christian"]
[Result "1-0"]
[WhiteElo "1771"]
[BlackElo "1314"]
[PlyCount "67"]
[EventDate "2017.03.21"]
[EventType "swiss"]
[EventRounds "9"]
[EventCountry "GER"]
[SourceTitle "EXT 2018"]
[Source "ChessBase"]
[SourceDate "2017.10.13"]
[SourceVersion "1"]
[SourceVersionDate "2017.10.13"]
[SourceQuality "1"]

1. d4 Nf6 2. c4 e6 3. Nf3 c5 4. d5 exd5 5. cxd5 d6 6. Nc3 Be7 7. e4 Nbd7 8. Be2 0-0 9. 0-0 b6 10. Re1 Bb7 11. b3 Ng4 12. h3 Nge5 13. Nxe5 Nxe5 14. Qc2 Bh4 15. g3 Bg5 16. f4 Bh4 17. Kh2 Ng6 18. gxh4 Qxh4 19. Rf1 Rae8 20. Qd3 Qe7 21. Qg3 b5 22. Bxb5 Rb8 23. Bb2 f6 24. Rae1 Qc7 25. Re2 Qa5 26. Rfe1 Ba6 27. Bxa6 Qxa6 28. Nd1 Qxa2 29. Re3 Rb4 30. Rg1 Rf7 31. Rg2 Qa6 32. Nf2 Qa2 33. Ng4 Qa6 34. f5 1-0

[Event "Leipzig VfB op 24th"]
[Site "Leipzig"]
[Date "2017.03.22"]
[Round "2"]
[White "Stein, Jean Pierre"]
[Black "Kuehnl, Bernd"]
[Result "0-1"]
[WhiteElo "1280"]
[BlackElo "1771"]
[PlyCount "72"]
[EventDate "2017.03.21"]
[EventType "swiss"]
[EventRounds "9"]
[EventCountry "GER"]
[SourceTitle "EXT 2018"]
[Source "ChessBase"]
[SourceDate "2017.10.13"]
[SourceVersion "1"]
[SourceVersionDate "2017.10.13"]
[SourceQuality "1"]

1. e4 e5 2. Nf3 Nf6 3. Nc3 Bb4 4. Bc4 Nc6 5. 0-0 h6 6. a3 Bxc3 7. dxc3 d6 8. Re1 Bg4 9. b4 0-0 10. Bb2 Qe7 11. h3 Be6 12. Bf1 Rad8 13. c4 Nd7 14. Qd3 f5 15. Rad1 fxe4 16. Qxe4 Qf7 17. Qh4 Ne7 18. Nd2 Nf5 19. Qe4 c6 20. Bd3 Nf6 21. Qe2 Rde8 22. Ne4 Nxe4 23. Qxe4 g6 24. Rf1 g5 25. Kh2 Nh4 26. Qe2 Qf4+ 27. g3 Nf3+ 28. Kg2 Qf6 29. Be4 Nd4 30. Qd3 Bf5 31. Bxd4 Bxe4+ 32. Qxe4 exd4 33. Qxd4 Qxd4 34. Rxd4 Rf6 35. Rfd1 Re2 36. R1d2 Rfxf2+ 0-1

[Event "Leipzig VfB op 24th"]
[Site "Leipzig"]
[Date "2017.03.21"]
[Round "1"]
[White "Kuehnl, Bernd"]
[Black "Heinsohn, Guenter"]
[Result "0-1"]
[WhiteElo "1771"]
[BlackElo "2117"]
[PlyCount "74"]
[EventDate "2017.03.21"]
[EventType "swiss"]
[EventRounds "9"]
[EventCountry "GER"]
[SourceTitle "EXT 2018"]
[Source "ChessBase"]
[SourceDate "2017.10.13"]
[SourceVersion "1"]
[SourceVersionDate "2017.10.13"]
[SourceQuality "1"]

1. d4 Nf6 2. c4 g6 3. Nc3 Bg7 4. e4 d6 5. Be2 0-0 6. Bg5 Nbd7 7. Nf3 h6 8. Be3 e5 9. d5 Ng4 10. Bc1 f5 11. h3 Ngf6 12. Qc2 Nc5 13. Nd2 fxe4 14. Ndxe4 Nfxe4 15. Nxe4 Bf5 16. Bf3 Qh4 17. g4 Bxe4 18. Bxe4 Nxe4 19. Qxe4 Rxf2 20. Kd1 Qg3 21. Bd2 Raf8 22. Be1 Qf3+ 23. Qxf3 R2xf3 24. Ke2 e4 25. Rb1 Bd4 26. b3 Re3+ 27. Kd1 c6 28. dxc6 bxc6 29. Rc1 Rd3+ 30. Ke2 Rff3 31. h4 Kf7 32. h5 g5 33. Rh2 Ke6 34. Rg2 Be3 35. Rd1 Bf4 36. Bf2 Rxd1 37. Kxd1 Rd3+ 0-1

[Event "Leipzig VfB op 23rd"]
[Site "Leipzig"]
[Date "2016.03.18"]
[Round "6"]
[White "Spreer, Lutz"]
[Black "Kuehnl, Bernd"]
[Result "1/2-1/2"]
[WhiteElo "1628"]
[BlackElo "1841"]
[PlyCount "60"]
[EventDate "2016.03.15"]
[EventType "swiss"]
[EventRounds "9"]
[EventCountry "GER"]
[SourceTitle "EXT 2017"]
[Source "ChessBase"]
[SourceDate "2016.10.25"]
[SourceVersion "1"]
[SourceVersionDate "2016.10.25"]
[SourceQuality "1"]

1. e4 d6 2. d4 g6 3. Nc3 Nf6 4. f4 Bg7 5. Bd3 e6 6. Nf3 0-0 7. e5 Nd5 8. h4 Nb4 9. h5 Nxd3+ 10. Qxd3 b5 11. hxg6 fxg6 12. Rxh7 Kxh7 13. Ng5+ Kg8 14. Qxg6 Rf6 15. exf6 Qxf6 16. Qh5 Bd7 17. Nce4 Qxd4 18. Qf7+ Kh8 19. Kf1 b4 20. a4 bxa3 21. Qh5+ Kg8 22. Qf7+ Kh8 23. Qh5+ Kg8 24. Qf7+ Kh8 25. Qh5+ Kg8 26. Qf7+ Kh8 27. Qh5+ Kg8 28. Qf7+ Kh8 29. Qh5+ Kg8 30. Qf7+ Kh8 1/2-1/2

[Event "Leipzig VfB op 23rd"]
[Site "Leipzig"]
[Date "2016.03.17"]
[Round "5"]
[White "Kuehnl, Bernd"]
[Black "Schmuck, Joerg"]
[Result "1-0"]
[WhiteElo "1841"]
[BlackElo "1402"]
[PlyCount "63"]
[EventDate "2016.03.15"]
[EventType "swiss"]
[EventRounds "9"]
[EventCountry "GER"]
[SourceTitle "EXT 2017"]
[Source "ChessBase"]
[SourceDate "2016.10.25"]
[SourceVersion "1"]
[SourceVersionDate "2016.10.25"]
[SourceQuality "1"]

1. d4 Nf6 2. c4 e6 3. Nf3 d5 4. e3 Be7 5. Bd3 0-0 6. Nbd2 Nc6 7. 0-0 Nb4 8. Bb1 b6 9. a3 Nc6 10. b4 Bd7 11. Qc2 g6 12. Re1 Re8 13. Bb2 Bf8 14. Ba2 Bg7 15. h3 Qc8 16. Ne5 Nxe5 17. dxe5 Ne4 18. Nxe4 dxe4 19. Qxe4 Rf8 20. Rac1 f5 21. exf6 Bxf6 22. Bxf6 Rxf6 23. c5 Kg7 24. Red1 Qe8 25. Rd2 Bc6 26. Qe5 Qe7 27. Bd5 Bxd5 28. Rxd5 Kh6 29. g4 Qf7 30. g5+ Kg7 31. gxf6+ Qxf6 32. Rd7+ 1-0

[Event "Arber op Seniors 2nd"]
[Site "Bayerisch Eisenstein"]
[Date "2014.08.24"]
[Round "9"]
[White "Klimpel, Siegfried"]
[Black "Kuehnl, Bernd"]
[Result "0-1"]
[WhiteElo "1868"]
[BlackElo "1821"]
[PlyCount "80"]
[EventDate "2014.08.16"]
[EventType "swiss"]
[EventRounds "9"]
[EventCountry "GER"]
[SourceTitle "EXT 2016"]
[Source "ChessBase"]
[SourceDate "2015.10.08"]
[SourceVersion "1"]
[SourceVersionDate "2015.10.08"]
[SourceQuality "1"]

1. e4 d6 2. Nf3 e5 3. d4 exd4 4. Nxd4 Nf6 5. Bd3 g6 6. Nc3 Bg7 7. Bg5 h6 8. Bf4 0-0 9. Qd2 g5 10. Bg3 Nh5 11. 0-0-0 Bxd4 12. Be2 Bxc3 13. Qxc3 Nf4 14. Bxf4 gxf4 15. g3 f3 16. Bxf3 Qg5+ 17. Kb1 Nc6 18. h4 Qg7 19. Qe3 Ne5 20. Be2 Be6 21. g4 Nc4 22. Qc1 Qh7 23. f3 a5 24. b3 Nb6 25. a4 Rfd8 26. f4 Bd7 27. g5 h5 28. f5 Kf8 29. g6 fxg6 30. fxg6 Qxg6 31. Rdf1+ Ke7 32. Rhg1 Bg4 33. Bd3 Rf8 34. Rf5 Rxf5 35. exf5 Qg7 36. Re1+ Kd7 37. Re6 Rf8 38. Qf4 Nd5 39. Bb5+ Kc8 40. f6 Bxe6 0-1

[Event "Arber op Seniors 2nd"]
[Site "Bayerisch Eisenstein"]
[Date "2014.08.23"]
[Round "8"]
[White "Kuehnl, Bernd"]
[Black "Glatz, Volker"]
[Result "1-0"]
[WhiteElo "1821"]
[BlackElo "1196"]
[PlyCount "99"]
[EventDate "2014.08.16"]
[EventType "swiss"]
[EventRounds "9"]
[EventCountry "GER"]
[SourceTitle "EXT 2016"]
[Source "ChessBase"]
[SourceDate "2015.10.08"]
[SourceVersion "1"]
[SourceVersionDate "2015.10.08"]
[SourceQuality "1"]

1. d4 Nf6 2. c4 e6 3. Nc3 Bb4 4. Bd2 c5 5. dxc5 Bxc5 6. a3 d5 7. cxd5 Nxd5 8. Nf3 Nc6 9. e3 a6 10. g3 0-0 11. Bg2 Nf6 12. 0-0 Re8 13. Qc2 Qc7 14. Rac1 Bd7 15. Ne4 Nxe4 16. Qxe4 Be7 17. Bc3 f6 18. Rfd1 Rad8 19. Qc4 Rc8 20. Bh3 Bf8 21. Nd4 b5 22. Qa2 Nxd4 23. Rxd4 Qb7 24. Rcd1 Re7 25. Rxd7 Rxd7 26. Bxe6+ Rf7 27. Bxf7+ Qxf7 28. Qxf7+ Kxf7 29. Rd7+ Ke6 30. Ra7 Rc6 31. e4 h6 32. Kg2 g5 33. g4 Be7 34. Ra8 Kf7 35. Kf3 Kg6 36. Ra7 Kf7 37. Bb4 Re6 38. Bxe7 Rxe7 39. Rxa6 Re5 40. Rb6 Rc5 41. Ke3 Kg6 42. Kd4 Re5 43. f3 Kf7 44. b3 Ke7 45. h3 Kf7 46. Rc6 Ke7 47. Rc5 Kd6 48. Rd5+ Ke6 49. Rxe5+ fxe5+ 50. Kc5 1-0

[Event "Arber op Seniors 2nd"]
[Site "Bayerisch Eisenstein"]
[Date "2014.08.20"]
[Round "5"]
[White "Gervinskas, Vidmant"]
[Black "Kuehnl, Bernd"]
[Result "1-0"]
[WhiteElo "1896"]
[BlackElo "1821"]
[PlyCount "73"]
[EventDate "2014.08.16"]
[EventType "swiss"]
[EventRounds "9"]
[EventCountry "GER"]
[SourceTitle "EXT 2016"]
[Source "ChessBase"]
[SourceDate "2015.10.08"]
[SourceVersion "1"]
[SourceVersionDate "2015.10.08"]
[SourceQuality "1"]

1. d4 Nf6 2. c4 d6 3. Nf3 g6 4. Nc3 Bg7 5. e4 0-0 6. Be2 e5 7. dxe5 dxe5 8. 0-0 h6 9. h3 Kh7 10. Qc2 Qe7 11. Rd1 b6 12. Be3 Bb7 13. Rab1 Nc6 14. a3 a5 15. Rd2 Rad8 16. Nd5 Nxd5 17. cxd5 Nb8 18. b4 axb4 19. axb4 Ba6 20. b5 Bc8 21. Rc1 Rd7 22. d6 Rxd6 23. Rxd6 Qxd6 24. Qxc7 Qxc7 25. Rxc7 Nd7 26. Nd2 Nc5 27. Bxc5 bxc5 28. Rxc5 Be6 29. Bc4 Bxc4 30. Nxc4 f6 31. b6 Rb8 32. Rc7 Kg8 33. b7 Bf8 34. Na5 Bd6 35. Rc8+ Kf7 36. Nc6 Rxb7 37. Nd8+ 1-0

[Event "Arber op Seniors 2nd"]
[Site "Bayerisch Eisenstein"]
[Date "2014.08.17"]
[Round "2"]
[White "Gerl, Hans Peter"]
[Black "Kuehnl, Bernd"]
[Result "1/2-1/2"]
[WhiteElo "2046"]
[BlackElo "1821"]
[PlyCount "89"]
[EventDate "2014.08.16"]
[EventType "swiss"]
[EventRounds "9"]
[EventCountry "GER"]
[SourceTitle "EXT 2016"]
[Source "ChessBase"]
[SourceDate "2015.10.08"]
[SourceVersion "1"]
[SourceVersionDate "2015.10.08"]
[SourceQuality "1"]

1. d4 Nf6 2. c4 d6 3. Nf3 g6 4. Nc3 Bg7 5. h3 0-0 6. e4 c5 7. d5 a6 8. Be3 e6 9. Be2 exd5 10. exd5 Re8 11. 0-0 Nbd7 12. Bf4 Ne5 13. Nxe5 dxe5 14. Bg5 h6 15. Bh4 g5 16. Bg3 Qd6 17. Bd3 Bd7 18. a4 Bf8 19. Re1 Re7 20. Bc2 Rae8 21. Qd3 Bg7 22. Qf3 Rb8 23. a5 b6 24. axb6 Rxb6 25. Ra2 Qb8 26. b3 Qc8 27. Rxe5 Qe8 28. Rxe7 Qxe7 29. Ne4 Nxe4 30. Bxe4 Bd4 31. d6 Qf6 32. Qxf6 Bxf6 33. Bc2 Bd4 34. Bd1 f5 35. Kf1 f4 36. Bh2 Rxd6 37. Bf3 Rb6 38. Bd5+ Kg7 39. Ra3 Kf6 40. Ke2 Bf5 41. g3 fxg3 42. Bxg3 Be5 43. h4 g4 44. Ra5 Bxg3 45. fxg3 1/2-1/2

[Event "Leipzig VfB op 21st"]
[Site "Leipzig"]
[Date "2014.03.08"]
[Round "8"]
[White "Kuehnl, Bernd"]
[Black "Neumann, Uwe"]
[Result "0-1"]
[WhiteElo "1848"]
[BlackElo "1720"]
[PlyCount "116"]
[EventDate "2014.03.04"]
[EventType "tourn"]
[EventRounds "9"]
[EventCountry "GER"]
[SourceTitle "CBM 159 Extra"]
[Source "ChessBase"]
[SourceDate "2014.04.24"]
[SourceVersion "1"]
[SourceVersionDate "2014.04.24"]
[SourceQuality "1"]

1. d4 d5 2. c4 dxc4 3. e4 e6 4. Nf3 Nf6 5. Bg5 Be7 6. Bxc4 Nxe4 7. Bxe7 Qxe7 8. 0-0 0-0 9. Re1 Nd6 10. Bd3 Qf6 11. Nc3 c6 12. Ne5 g6 13. Re3 Nd7 14. Qg4 Qg7 15. Qf4 Nf5 16. Bxf5 exf5 17. Nxd7 Bxd7 18. Rae1 Be6 19. Qe5 Rad8 20. Rd1 Rd7 21. Qxg7+ Kxg7 22. Red3 Rfd8 23. R3d2 b5 24. b3 a6 25. f4 Re8 26. Kf2 Kf6 27. Re1 Rde7 28. Re5 Rc8 29. Rc5 h6 30. b4 Rec7 31. Rc2 g5 32. d5 Bd7 33. a4 Rb7 34. axb5 axb5 35. dxc6 Rxc6 36. Nd5+ Ke6 37. Rxc6+ Bxc6 38. Rxc6+ Kxd5 39. Rc5+ Ke4 40. fxg5 hxg5 41. g3 Rb6 42. Kg2 f6 43. h4 f4 44. hxg5 f5 45. gxf4 Kxf4 46. Kf2 Kxg5 47. Kf3 Ra6 48. Rxb5 Ra3+ 49. Ke2 Kf4 50. Rc5 Kg4 51. Rc1 Rb3 52. Kf1 Rxb4 53. Ra1 f4 54. Rc1 Rb2 55. Kg1 Kg3 56. Ra1 f3 57. Rc1 Rg2+ 58. Kf1 Rh2 0-1

[Event "Leipzig VfB op 21st"]
[Site "Leipzig"]
[Date "2014.03.05"]
[Round "2"]
[White "Kuehnl, Bernd"]
[Black "Weber, Katja"]
[Result "1-0"]
[WhiteElo "1848"]
[BlackElo "1515"]
[PlyCount "63"]
[EventDate "2014.03.04"]
[EventType "tourn"]
[EventRounds "9"]
[EventCountry "GER"]
[SourceTitle "CBM 159 Extra"]
[Source "ChessBase"]
[SourceDate "2014.04.24"]
[SourceVersion "1"]
[SourceVersionDate "2014.04.24"]
[SourceQuality "1"]

1. d4 Nf6 2. c4 e6 3. Nf3 d5 4. Nc3 Bb4 5. Bd2 c5 6. e3 0-0 7. cxd5 cxd4 8. Nxd4 exd5 9. Rc1 Re8 10. Bb5 Bxc3 11. Rxc3 Bd7 12. Qa4 Ne4 13. Rc2 Bxb5 14. Qxb5 Qd7 15. Qxd7 Nxd7 16. Ke2 Rac8 17. Rhc1 Nb6 18. Rxc8 Rxc8 19. Rxc8+ Nxc8 20. Bb4 a6 21. f3 Nf6 22. Kd3 b5 23. Nc6 Nb6 24. b3 Nbd7 25. Kd4 h6 26. Ne7+ Kh7 27. Nxd5 g5 28. Nc7 Nb8 29. Kc5 Nfd7+ 30. Kd6 Nf8 31. Bc5 Kg6 32. Ba7 1-0

[Event "Leipzig VfB op 19th"]
[Site "Leipzig"]
[Date "2012.03.09"]
[Round "6"]
[White "Remboldt, Viktor"]
[Black "Kuehnl, Bernd"]
[Result "1/2-1/2"]
[WhiteElo "1512"]
[BlackElo "1867"]
[PlyCount "126"]
[EventDate "2012.03.06"]
[EventType "swiss"]
[EventRounds "9"]
[EventCountry "GER"]
[SourceTitle "CBM 147 Extra"]
[Source "ChessBase"]
[SourceDate "2012.04.24"]
[SourceVersion "1"]
[SourceVersionDate "2012.04.24"]
[SourceQuality "1"]

1. e4 d6 2. d4 Nf6 3. Nc3 g6 4. f4 Bg7 5. Nf3 c5 6. dxc5 Qa5 7. cxd6 Nxe4 8. dxe7 Bxc3+ 9. bxc3 Qxc3+ 10. Bd2 Nxd2 11. Nxd2 Kxe7 12. Bd3 Rd8 13. 0-0 Kf8 14. Nf3 Bf5 15. Rb1 Bxd3 16. Rxb7 Qxc2 17. Ne5 Qxd1 18. Rxd1 Na6 19. Rxd3 Rxd3 20. Nxd3 Kg8 21. Ne5 f5 22. Nd7 Rc8 23. Nf6+ Kf8 24. Nxh7+ Kg8 25. Nf6+ Kf8 26. Nh7+ Kg8 27. Nf6+ Kf8 28. Rxa7 Rc1+ 29. Kf2 Rc2+ 30. Kg3 Rxa2 31. Nd7+ Kg8 32. Nc5 Nb4 33. Rxa2 Nxa2 34. Kh4 Nb4 35. Kg5 Kg7 36. Nd7 Nd5 37. Ne5 Ne7 38. g3 Kh7 39. h3 Kg7 40. h4 Kh7 41. h5 gxh5 42. Kxh5 Nd5 43. Nc4 Nf6+ 44. Kh4 Ne4 45. Ne3 Kg6 46. Kh3 Nd6 47. Kg2 Kf6 48. Kf3 Ke6 49. Ke2 Ne4 50. Nf1 Nf6 51. Ke3 Nd5+ 52. Kd4 Nf6 53. Nh2 Nh5 54. Nf1 Nf6 55. Ke3 Nh5 56. Kf3 Ng7 57. Kg2 Kf6 58. Kh3 Kg6 59. Kh4 Ne6 60. Nd2 Nd4 61. Nc4 Ne2 62. g4 fxg4 63. Kxg4 Nxf4 1/2-1/2

[Event "Leipzig VfB op 19th"]
[Site "Leipzig"]
[Date "2012.03.08"]
[Round "4"]
[White "Kuehnl, Bernd"]
[Black "Gross, Reinhard"]
[Result "1/2-1/2"]
[WhiteElo "1867"]
[BlackElo "1443"]
[PlyCount "46"]
[EventDate "2012.03.06"]
[EventType "swiss"]
[EventRounds "9"]
[EventCountry "GER"]
[SourceTitle "CBM 147 Extra"]
[Source "ChessBase"]
[SourceDate "2012.04.24"]
[SourceVersion "1"]
[SourceVersionDate "2012.04.24"]
[SourceQuality "1"]

1. d4 Nf6 2. c4 e6 3. Nf3 c5 4. d5 exd5 5. cxd5 d6 6. Nc3 g6 7. e4 Bg7 8. h3 0-0 9. Bd3 Re8 10. 0-0 a6 11. a4 Nbd7 12. Nd2 Ne5 13. Be2 Qc7 14. b3 b6 15. Re1 Bb7 16. Qc2 Re7 17. Bb2 Rae8 18. f4 Ned7 19. g4 Nxd5 20. Nxd5 Bxd5 21. Bxg7 Kxg7 22. Bxa6 Bb7 23. Bxb7 Qxb7 1/2-1/2

[Event "Leipzig VfB op 19th"]
[Site "Leipzig"]
[Date "2012.03.06"]
[Round "1"]
[White "Schwenkreis, Thomas"]
[Black "Kuehnl, Bernd"]
[Result "1-0"]
[WhiteElo "2194"]
[BlackElo "1867"]
[PlyCount "81"]
[EventDate "2012.03.06"]
[EventType "swiss"]
[EventRounds "9"]
[EventCountry "GER"]
[SourceTitle "CBM 147 Extra"]
[Source "ChessBase"]
[SourceDate "2012.04.24"]
[SourceVersion "1"]
[SourceVersionDate "2012.04.24"]
[SourceQuality "1"]

1. e4 d6 2. d4 Nf6 3. Nc3 g6 4. f4 Bg7 5. Nf3 c5 6. dxc5 Qa5 7. Bd3 Qxc5 8. Qe2 Bg4 9. Be3 Qa5 10. 0-0 Nc6 11. a3 0-0 12. Qe1 Bxf3 13. gxf3 Nh5 14. b4 Qd8 15. Rd1 Rc8 16. Ne2 Qc7 17. Kh1 Kh8 18. Rg1 Bf6 19. Qf2 b6 20. c3 Rg8 21. a4 Ra8 22. a5 Rab8 23. axb6 axb6 24. Ra1 Nxb4 25. cxb4 Bxa1 26. Rxa1 e5 27. Rc1 Qd7 28. Rd1 Rgc8 29. b5 Ra8 30. fxe5 dxe5 31. Qf1 Ra3 32. Nc1 Rxc1 33. Bxc1 Ra1 34. Be2 Qc7 35. Be3 Ra3 36. Bc1 Rc3 37. Bb2 Rb3 38. Rc1 Qe7 39. Rc2 Qf6 40. Qa1 Qf4 41. Bxe5+ 1-0

[Event "Hessen-ch Seniors op 07th"]
[Site "Bad Sooden-Allendorf"]
[Date "2011.05.07"]
[Round "8"]
[White "Kuehnl, Bernd"]
[Black "Neumann, Horst"]
[Result "1/2-1/2"]
[WhiteElo "1669"]
[BlackElo "1784"]
[PlyCount "32"]
[EventDate "2011.04.30"]
[EventType "swiss"]
[EventRounds "9"]
[EventCountry "GER"]
[SourceTitle "EXT 2012"]
[Source "ChessBase"]
[SourceDate "2011.11.24"]
[SourceVersion "1"]
[SourceVersionDate "2011.11.24"]
[SourceQuality "1"]

1. d4 d5 2. c4 c6 3. cxd5 cxd5 4. Nc3 Nc6 5. Nf3 Nf6 6. h3 Qb6 7. e3 Bf5 8. Bd3 Bxd3 9. Qxd3 e6 10. 0-0 Rc8 11. Bd2 Bd6 12. Rfc1 0-0 13. Na4 Qd8 14. Nc5 Bxc5 15. Rxc5 Ne4 16. Rc2 Qb6 1/2-1/2

[Event "Hessen-ch Seniors op 07th"]
[Site "Bad Sooden-Allendorf"]
[Date "2011.05.01"]
[Round "2"]
[White "Kuehnl, Bernd"]
[Black "Schumacher, Ursula"]
[Result "0-1"]
[WhiteElo "1669"]
[BlackElo "1429"]
[PlyCount "68"]
[EventDate "2011.04.30"]
[EventType "swiss"]
[EventRounds "9"]
[EventCountry "GER"]
[SourceTitle "EXT 2012"]
[Source "ChessBase"]
[SourceDate "2011.11.24"]
[SourceVersion "1"]
[SourceVersionDate "2011.11.24"]
[SourceQuality "1"]

1. d4 c6 2. c4 d5 3. Nf3 Nf6 4. Nc3 e6 5. e3 Nbd7 6. Bd3 Be7 7. 0-0 Qc7 8. cxd5 Nxd5 9. Bd2 a6 10. Rc1 0-0 11. e4 Nf4 12. Bb1 Ng6 13. Re1 Qd8 14. e5 Nb6 15. Ne4 Nd5 16. Nfg5 h6 17. Nxf7 Kxf7 18. Nd6+ Bxd6 19. Qh5 Nde7 20. exd6 Qxd6 21. Re5 Qxd4 22. Bc3 Qf4 23. Rd1 Qh4 24. Qe2 Nxe5 25. Qxe5 Qg5 26. Qe4 Qf5 27. Qd4 Qg5 28. h4 Qf6 29. Qg4 e5 30. Qh5+ Kg8 31. Qxe5 Qxf2+ 32. Kh2 Qxh4+ 33. Kg1 Qf2+ 34. Kh2 Qf4+ 0-1

[Event "GER-ch Seniors 22nd"]
[Site "Berlin"]
[Date "2010.08.22"]
[Round "7"]
[White "Kuehnl, Bernd"]
[Black "Vidic, Dobrivoje"]
[Result "1-0"]
[WhiteElo "1689"]
[BlackElo "1653"]
[PlyCount "125"]
[EventDate "2010.08.16"]
[EventType "swiss"]
[EventRounds "9"]
[EventCountry "GER"]
[SourceTitle "CBM 138 Extra"]
[Source "ChessBase"]
[SourceDate "2010.10.29"]
[SourceVersion "1"]
[SourceVersionDate "2010.10.29"]
[SourceQuality "1"]

1. d4 d5 2. c4 c6 3. cxd5 cxd5 4. Nf3 Nc6 5. Nc3 Nf6 6. e3 Bg4 7. Be2 e6 8. 0-0 a6 9. h3 Bh5 10. Bd2 Bd6 11. Rc1 Rc8 12. Na4 Ne4 13. Nc5 Nxd2 14. Qxd2 Qe7 15. a3 0-0 16. Rc3 Rc7 17. Rfc1 Rfc8 18. b4 Nb8 19. Kf1 f6 20. Nb3 Be8 21. Rxc7 Rxc7 22. Rxc7 Qxc7 23. Nc5 Qf7 24. Qb2 g5 25. Nd2 h5 26. e4 Bc6 27. e5 fxe5 28. dxe5 Bc7 29. Nf3 Bd8 30. Nd4 Bb6 31. Qd2 Qg7 32. Ndxe6 Qxe5 33. Qxg5+ Qxg5 34. Nxg5 Bxc5 35. bxc5 h4 36. Nf3 Nd7 37. Nxh4 Nxc5 38. Nf5 Kf7 39. Nd4 Kf6 40. f4 a5 41. g4 Ne4 42. Kg2 Nd2 43. g5+ Kg7 44. Bd3 Nc4 45. Nxc6 bxc6 46. Bxc4 dxc4 47. Kf2 c5 48. f5 a4 49. Ke2 c3 50. Kd3 c2 51. Kxc2 Kf7 52. h4 Kg7 53. h5 Kh7 54. f6 Kg8 55. g6 Kf8 56. h6 Kg8 57. Kc3 c4 58. Kxc4 Kh8 59. Kd5 Kg8 60. Ke6 Kh8 61. Ke7 Kg8 62. f7+ Kh8 63. f8R# 1-0

[Event "GER-ch Seniors 22nd"]
[Site "Berlin"]
[Date "2010.08.21"]
[Round "6"]
[White "Klein, Alfred"]
[Black "Kuehnl, Bernd"]
[Result "1/2-1/2"]
[WhiteElo "1446"]
[BlackElo "1689"]
[PlyCount "49"]
[EventDate "2010.08.16"]
[EventType "swiss"]
[EventRounds "9"]
[EventCountry "GER"]
[SourceTitle "CBM 138 Extra"]
[Source "ChessBase"]
[SourceDate "2010.10.29"]
[SourceVersion "1"]
[SourceVersionDate "2010.10.29"]
[SourceQuality "1"]

1. c4 Nf6 2. Nc3 d6 3. Nf3 e5 4. d3 g6 5. g3 Bg7 6. Bg2 0-0 7. 0-0 Nc6 8. e4 Bg4 9. h3 Bxf3 10. Bxf3 Nd4 11. Bg2 c6 12. Ne2 Ne6 13. Be3 Qe7 14. Nc3 Nd7 15. Rb1 b6 16. Qa4 Rfc8 17. Qd1 a6 18. Ne2 b5 19. b3 a5 20. cxb5 cxb5 21. Rc1 Qd8 22. Qd2 Rxc1 23. Rxc1 Rc8 24. Rxc8 Qxc8 25. Qxa5 1/2-1/2

[Event "GER-ch Seniors 22nd"]
[Site "Berlin"]
[Date "2010.08.20"]
[Round "5"]
[White "Kuehnl, Bernd"]
[Black "Hirr, Rudi"]
[Result "1-0"]
[WhiteElo "1689"]
[BlackElo "1534"]
[PlyCount "113"]
[EventDate "2010.08.16"]
[EventType "swiss"]
[EventRounds "9"]
[EventCountry "GER"]
[SourceTitle "CBM 138 Extra"]
[Source "ChessBase"]
[SourceDate "2010.10.29"]
[SourceVersion "1"]
[SourceVersionDate "2010.10.29"]
[SourceQuality "1"]

1. d4 Nf6 2. c4 e6 3. Nc3 Bb4 4. Bd2 0-0 5. Nf3 b6 6. g3 Bb7 7. Bg2 Re8 8. 0-0 d5 9. cxd5 exd5 10. Rc1 Nbd7 11. a3 Bxc3 12. Rxc3 Ne4 13. Rc1 Nxd2 14. Qxd2 Nf6 15. Ne5 Rc8 16. Nc6 Bxc6 17. Rxc6 Qd7 18. Qc2 Re6 19. Rc3 Re7 20. Rc1 g6 21. Rc6 Kg7 22. h4 Ne8 23. e3 Rd8 24. Kh2 Qg4 25. Bf1 Rd6 26. Bg2 Qe6 27. Rc3 Qf6 28. b4 g5 29. hxg5 Qxg5 30. Rc6 Ree6 31. Rxd6 cxd6 32. Rh1 Rh6+ 33. Kg1 Rxh1+ 34. Bxh1 Nf6 35. Bf3 h5 36. Kf1 h4 37. gxh4 Qxh4 38. Qf5 Ne4 39. Qg4+ Qxg4 40. Bxg4 Kg6 41. Bd1 Kf6 42. Ke1 Nc3 43. Bb3 a5 44. bxa5 bxa5 45. a4 Ke6 46. f3 f5 47. Kd2 Nb1+ 48. Kc2 Na3+ 49. Kc3 Nb1+ 50. Kc2 Na3+ 51. Kd3 Nb1 52. e4 fxe4+ 53. fxe4 Kd7 54. Bxd5 Na3 55. Kc3 Nb1+ 56. Kc2 Na3+ 57. Kb2 1-0